000 00689nam a22002177a 4500
001 53220
003 UA-OsUOA
005 20211216225516.0
007 ta
008 20080324b un ||||| |||| 00| 0 ukr d
040 _aUA-OsUOA
_bukr
_cUA-OsUOA
_dUA-OsUOA
041 _aukr
080 _a82.09
090 _a82.09
_bЛ84
245 _aЛітературні вечори в Українському Інституті Модернорго Мистецтва Чикаго, 1973-2006
_cБоднарук В.
260 _aДонецьк
_bУКЦ
_c2006
300 _a140 с.
650 7 _a82 Література. Літературознавство
_2UDC
942 _cBK
_2udc
955 _a1
999 _c339311
_d339311